[Event "CZE-chT2F 1314"]
[Site "Czech Republic"]
[Date "2014.01.04"]
[Round "6.28"]
[White "Sikora, Jan"]
[Black "Samiec, Pavel"]
[Result "1-0"]
[WhiteElo "2188"]
[BlackElo "1977"]
[PlyCount "53"]
[EventDate "2013.11.03"]
[EventType "team-tourn"]
[EventRounds "11"]
[EventCountry "CZE"]
[SourceTitle "EXT 2016"]
[Source "ChessBase"]
[SourceDate "2015.10.08"]
[SourceVersion "1"]
[SourceVersionDate "2015.10.08"]
[SourceQuality "1"]
[WhiteTeam "Trinec II"]
[BlackTeam "Mosty u Jablunkova"]
[WhiteTeamCountry "CZE"]
[BlackTeamCountry "CZE"]

1. e4 d5 2. exd5 Qxd5 3. Nc3 Qa5 4. d4 Nf6 5. Nf3 c6 6. Ne5 Bf5 7. Nc4 Qd8 8. Be2 e6 9. 0-0 Be7 10. Bg5 h6 11. Bh4 0-0 12. Bf3 Na6 13. Qd2 Nc7 14. Bg3 Ncd5 15. Rfe1 Nxc3 16. bxc3 Nd5 17. Be4 Bxe4 18. Rxe4 Bg5 19. Qd3 Be7 20. h3 c5 21. Rb1 b6 22. Be5 Bf6 23. Qg3 cxd4 24. Rxd4 Kh7 25. Ne3 Bxe5 26. Qxe5 Qc7 27. Rxd5 1-0

[Event "Moravia-Silesia Region-chT 0708"]
[Site "Czech Republic"]
[Date "2008.04.13"]
[Round "11.8"]
[White "Samiec, Pavel"]
[Black "Trapl, Dalibor"]
[Result "0-1"]
[WhiteElo "1849"]
[BlackElo "2002"]
[PlyCount "184"]
[EventDate "2007.10.28"]
[EventType "team-tourn"]
[EventRounds "11"]
[EventCountry "CZE"]
[SourceTitle "EXT 2024"]
[Source "ChessBase"]
[SourceDate "2023.10.10"]
[SourceVersion "1"]
[SourceVersionDate "2023.10.10"]
[SourceQuality "1"]

1. e4 c5 2. c3 d5 3. exd5 Qxd5 4. d4 Nc6 5. Nf3 Bg4 6. Be2 e6 7. 0-0 cxd4 8. Nxd4 Bxe2 9. Nxe2 Rd8 10. Qxd5 Rxd5 11. Be3 Nf6 12. h3 Be7 13. Nd2 0-0 14. Nf3 e5 15. Ng3 Rfd8 16. Rfe1 h6 17. Re2 Rd1+ 18. Rxd1 Rxd1+ 19. Re1 Rxe1+ 20. Nxe1 Nd5 21. Bc1 Kh7 22. Kf1 Kg6 23. Ke2 f5 24. Nc2 h5 25. Nf1 h4 26. c4 Nb6 27. b3 a5 28. Be3 Nd7 29. f3 a4 30. Nd2 axb3 31. axb3 Kf6 32. Bf2 Ke6 33. Be3 g5 34. Nb1 Nc5 35. Nd2 Kf6 36. Bxc5 Bxc5 37. Kd3 Nd8 38. b4 Be7 39. c5 Ne6 40. Kc4 Nf4 41. Ne1 Ke6 42. Nb3 Kd7 43. Kb5 Kc7 44. Nc1 e4 45. fxe4 fxe4 46. Kc4 Bf6 47. Nb3 e3 48. Nd4 e2 49. Ndf3 b6 50. cxb6+ Kxb6 51. Nd2 g4 52. hxg4 Nxg2 53. Kd3 Nxe1+ 54. Kxe2 h3 55. Nf1 Ng2 56. Kf3 Be5 57. g5 Ne1+ 58. Kg4 h2 59. Nxh2 Bxh2 60. g6 Be5 61. Kf5 Bc3 62. Ke6 Nf3 63. Kf5 Kb5 64. Kg4 Nd2 65. Kh5 Bg7 66. Kg5 Ne4+ 67. Kf5 Nf6 68. Ke6 Kxb4 69. Kf7 Nh5 70. Ke6 Kc5 71. Kf5 Kd5 72. Kg4 Nf6+ 73. Kf5 Kd6 74. Kf4 Ke6 75. Ke3 Kf5 76. Kd4 Kxg6 77. Ke5 Bf8 78. Kf4 Bd6+ 79. Ke3 Kf5 80. Kd4 Kf4 81. Kd3 Nd5 82. Kd4 Ne3 83. Kd3 Kf3 84. Kc3 Ke4 85. Kb3 Kd4 86. Kb2 Kc4 87. Ka2 Kc3 88. Kb1 Ba3 89. Ka2 Nc4 90. Kb1 Kb3 91. Ka1 Bb2+ 92. Kb1 Na3# 0-1

[Event "Ostrava Konik op-B"]
[Site "Ostrava"]
[Date "2007.05.??"]
[Round "2"]
[White "Kratochvil, Vit"]
[Black "Samiec, Pavel"]
[Result "0-1"]
[WhiteElo "1810"]
[BlackElo "1670"]
[PlyCount "134"]
[EventDate "2007.05.??"]
[EventType "swiss"]
[EventRounds "9"]
[EventCountry "CZE"]
[SourceTitle "EXT 2010"]
[Source "ChessBase"]
[SourceDate "2010.11.25"]
[SourceVersion "1"]
[SourceVersionDate "2010.11.25"]
[SourceQuality "1"]

1. e4 d5 2. exd5 Qxd5 3. Nc3 Qa5 4. d4 Nf6 5. Nf3 Bf5 6. Bd3 Bg6 7. Qe2 c6 8. Bd2 Qc7 9. 0-0 e6 10. Rad1 Bd6 11. Ne5 Bxd3 12. Qxd3 Nbd7 13. f4 Rd8 14. Ne4 Bxe5 15. fxe5 Nxe5 16. Nxf6+ gxf6 17. Qg3 Qb6 18. Bc3 Rd5 19. Qg7 Ng6 20. Qxf6 0-0 21. Kh1 Qd8 22. Bb4 Qxf6 23. Rxf6 Rfd8 24. c3 c5 25. Ba3 cxd4 26. cxd4 Rxd4 27. Rdf1 R8d7 28. Kg1 Rd2 29. R6f2 a6 30. Bb4 Rxf2 31. Rxf2 Rd1+ 32. Rf1 Rxf1+ 33. Kxf1 Kg7 34. Bc3+ e5 35. g3 Kf6 36. Ke2 Ke6 37. Ke3 f5 38. h4 Ne7 39. Bd2 Kd5 40. Bc3 h5 41. a3 Nc6 42. Kd3 Na7 43. a4 Nc8 44. a5 b5 45. b4 Nd6 46. Bd2 Ne4 47. Bc1 Nd6 48. Bd2 Ne4 49. Be1 Nf6 50. Bc3 Ng4 51. Be1 e4+ 52. Kc3 Ne5 53. Bd2 Nf3 54. Be3 Nh2 55. Bf2 Nf1 56. Be1 Ne3 57. Kd2 Ng2 58. Bf2 f4 59. gxf4 Nxf4 60. Kc3 Ne6 61. Be3 Ke5 62. Kd2 Kf5 63. Ke2 Nf4+ 64. Kd2 Kg4 65. Bb6 Ng2 66. Bd8 Kf3 67. Bg5 e3+ 0-1